008160000a22001690004500001001000000003001000010005001700020008004100037022001400078040003600092100004200128245003300170300005100203520027700254546002300531773009200554768714001CO-MdFUSB20161123114910.0161123s1996 sp ||||| |||| 00| 0 spa d a0014-1437 aCO-MdFUSBcCO-MdFUSBdCO-MdFUSB1 aAlonso Schökel, Luis (1920-)eautor10aTres Notas de Hermenéutica aVolumen 55, Número 1 (1997), Páginas 73-87 aEstas "Notas" reflexionan sobre la utilidad y las limitaciones del método histórico- crítico (I), la expresión dikaiosúne tou Teoû en su relación con el AT y con el Qumrán (II), la participación del lector u oyente en la comprensión de la Biblia (III). aTexto en Español0 tEstudios Bíblicos049452gVolumen 55, Número 1 (1997), Páginas 73-87qPágina 73